Formel 1 Fahrer nach Land - Klick Quiz - Statistiken

Allgemein
  • Dieses Quiz wurde 312 mal gespielt
  • Das Durchschnittsergebnis liegt bei 16 aus 20
Antwortstatistiken
Hint Antwort % Korrekt
Yuki Tsunoda Japan
95%
Max Verstappen Niederlande
94%
Niki Lauda Österreich
93%
Lewis Hamilton Vereinigtes Königreich
93%
Fernando Alonso Spanien
91%
Kimi Räikkönen Finnland
89%
Sergio Pérez Mexiko
88%
Zhou Guanyu China
87%
Charles Leclerc Monaco
87%
Kimi Antonelli Italien
86%
Ayrton Senna Brasilien
85%
Kevin Magnussen Dänemark
85%
Daniel Ricciardo Australien
82%
Alain Prost Frankreich
76%
Lance Stroll Kanada
75%
Juan Manuel Fangio Argentinien
69%
Juan Pablo Montoya Kolumbien
60%
Jacky Ickx Belgien
43%
Mario Andretti Vereinigte Staaten
40%
Bruce McLaren Neuseeland
35%
Keine übereinstimmenden Quizze gefunden
Verteilung der Resultate
Anzahl Personen mit jedem Resultat
Perzentil nach korrekt beantworteten Fragen
Ihre Resultats-Entwicklung
Sie haben dieses Quiz noch nicht gespielt